|
|
|
|
| LEADER |
01908nam a2200433 i 4500 |
| 001 |
EBC1561230 |
| 003 |
MiAaPQ |
| 005 |
20200903223051.0 |
| 006 |
m o d | |
| 007 |
cr cnu|||||||| |
| 008 |
130826t20142014si abd ob 001 0 eng|d |
| 020 |
|
|
|z 9789814440158 (hardcover : alk. paper)
|
| 020 |
|
|
|a 9789814440165
|q (electronic bk.)
|
| 035 |
|
|
|a (MiAaPQ)EBC1561230
|
| 035 |
|
|
|a (Au-PeEL)EBL1561230
|
| 035 |
|
|
|a (CaPaEBR)ebr10801105
|
| 035 |
|
|
|a (CaONFJC)MIL543286
|
| 035 |
|
|
|a (OCoLC)863203996
|
| 040 |
|
|
|a MiAaPQ
|b eng
|e rda
|e pn
|c MiAaPQ
|d MiAaPQ
|
| 050 |
|
4 |
|a HG3896
|b .B47 2014
|
| 082 |
0 |
|
|a 332.63/23094
|2 23
|
| 100 |
1 |
|
|a Bertocchi, Marida.
|
| 245 |
1 |
0 |
|a Euro bonds :
|b markets, infrastructure and trends /
|c Marida Bertocchi, University of Bergamo, Italy [and five others].
|
| 264 |
|
1 |
|a Singapore :
|b World Scientific,
|c [2014]
|
| 264 |
|
4 |
|c 2014
|
| 300 |
|
|
|a 1 online resource (288 pages) :
|b illustrations (some color), color map.
|
| 336 |
|
|
|a text
|2 rdacontent
|
| 337 |
|
|
|a computer
|2 rdamedia
|
| 338 |
|
|
|a online resource
|2 rdacarrier
|
| 490 |
1 |
|
|a World Scientific series in finance,
|x 2010-1082 ;
|v volume 7
|
| 504 |
|
|
|a Includes bibliographical references and index.
|
| 588 |
|
|
|a Description based on print version record.
|
| 590 |
|
|
|a Electronic reproduction. Ann Arbor, MI : ProQuest, 2016. Available via World Wide Web. Access may be limited to ProQuest affiliated libraries.
|
| 650 |
|
0 |
|a Euro-bond market.
|
| 655 |
|
4 |
|a Electronic books.
|
| 776 |
0 |
8 |
|i Print version:
|a Bertocchi, Marida.
|t Euro bonds : markets, infrastructure and trends.
|d Singapore : World Scientific, [2014]
|h xxviii, pages
|k World Scientific series in finance ; vol. 7
|z 9789814440158
|w (DLC) 2013034281
|
| 797 |
2 |
|
|a ProQuest (Firm)
|
| 830 |
|
0 |
|a World Scientific series in finance ;
|v v. 7.
|
| 856 |
4 |
0 |
|u https://ebookcentral.proquest.com/lib/matrademy/detail.action?docID=1561230
|z Click to View
|